[Event "Nabereznye Chelny op 8th"]
[Site "Nabereznye Chelny"]
[Date "2010.01.27"]
[Round "9"]
[White "Natacheev, Peter"]
[Black "Kovsharev, Valery"]
[Result "1-0"]
[WhiteElo "2213"]
[BlackElo "2282"]
[PlyCount "30"]
[EventDate "2010.01.19"]
[EventType "swiss"]
[EventRounds "9"]
[EventCountry "RUS"]
[SourceTitle "CBM 134 Extra"]
[Source "ChessBase"]
[SourceDate "2010.03.03"]
[SourceVersion "1"]
[SourceVersionDate "2010.03.03"]
[SourceQuality "1"]

1. e4 c6 2. d3 d5 3. Nd2 e5 4. g3 Bd6 5. Bg2 Ne7 6. Ne2 h5 7. h3 Be6 8. d4 h4 9. g4 Ng6 10. dxe5 Bxe5 11. Nf3 Bc7 12. Ng5 Qd6 13. f4 Ne7 14. e5 Qc5 15. c3 Bc8 1-0

[Event "Nabereznye Chelny op 8th"]
[Site "Nabereznye Chelny"]
[Date "2010.01.26"]
[Round "8"]
[White "Kovsharev, Valery"]
[Black "Pushin, Vladimir"]
[Result "0-1"]
[WhiteElo "2282"]
[BlackElo "2391"]
[PlyCount "66"]
[EventDate "2010.01.19"]
[EventType "swiss"]
[EventRounds "9"]
[EventCountry "RUS"]
[SourceTitle "CBM 134 Extra"]
[Source "ChessBase"]
[SourceDate "2010.03.03"]
[SourceVersion "1"]
[SourceVersionDate "2010.03.03"]
[SourceQuality "1"]

1. e4 c5 2. Nc3 Nc6 3. g3 g6 4. Bg2 Bg7 5. d3 e6 6. f4 Nge7 7. Nf3 d6 8. 0-0 0-0 9. Be3 Nd4 10. Bf2 Rb8 11. Qd2 b5 12. a3 a5 13. Nxd4 cxd4 14. Ne2 Qb6 15. c3 dxc3 16. bxc3 Qc7 17. Rab1 Ba6 18. Rfc1 Rfc8 19. Qe3 d5 20. g4 dxe4 21. dxe4 Nc6 22. Bg3 Re8 23. e5 Bf8 24. a4 bxa4 25. Nd4 Rxb1 26. Rxb1 Nxd4 27. cxd4 Rc8 28. f5 a3 29. fxe6 fxe6 30. Be4 Bb4 31. Qg5 Qd8 32. Qe3 a2 33. Rd1 Bc3 0-1

[Event "Moscow Beliaev Memorial 7th"]
[Site "Moscow"]
[Date "2006.12.24"]
[Round "9"]
[White "Kovsharev, Valery"]
[Black "Alyautdinov, Rushan"]
[Result "1-0"]
[WhiteElo "2326"]
[BlackElo "2167"]
[PlyCount "102"]
[EventDate "2006.12.16"]
[EventType "swiss"]
[EventRounds "9"]
[EventCountry "RUS"]
[SourceTitle "EXT 2008"]
[Source "ChessBase"]
[SourceDate "2007.11.25"]
[SourceVersion "1"]
[SourceVersionDate "2007.11.25"]
[SourceQuality "1"]

1. Nf3 c5 2. b3 Nf6 3. Bb2 g6 4. e4 Bg7 5. e5 Nd5 6. d4 cxd4 7. Qxd4 Nc7 8. h4 d6 9. Nbd2 Nc6 10. Qe3 dxe5 11. Nxe5 Nd5 12. Qg3 Nxe5 13. Bxe5 Nf6 14. h5 Qxd2+ 15. Kxd2 Ne4+ 16. Ke3 Nxg3 17. Bxg7 Nf5+ 18. Kf4 Nxg7 19. hxg6 fxg6 20. g4 Bd7 21. Bd3 Rc8 22. Bxg6+ hxg6 23. Rxh8+ Kf7 24. Rxc8 Bxc8 25. Rd1 Kf6 26. f3 Ne8 27. c4 b6 28. Rd8 Nd6 29. Rf8+ Kg7 30. Rd8 g5+ 31. Ke3 Be6 32. Kd4 Kf6 33. Rf8+ Bf7 34. Ra8 e5+ 35. Ke3 e4 36. Rxa7 exf3 37. Kxf3 Ke5 38. Re7+ Kd4 39. Rd7 Kc5 40. Rc7+ Kd4 41. Rc6 Ke5 42. Rxb6 Bg6 43. a4 Be4+ 44. Ke3 Bc2 45. a5 Bd1 46. a6 Nc8 47. Rg6 Bxb3 48. Rxg5+ Kd6 49. Kd4 Kc7 50. Rg7+ Kc6 51. a7 Nb6 1-0

[Event "Moscow Beliaev Memorial 7th"]
[Site "Moscow"]
[Date "2006.12.20"]
[Round "5"]
[White "Mirionov, Vyacheslav"]
[Black "Kovsharev, Valery"]
[Result "1-0"]
[WhiteElo "2025"]
[BlackElo "2326"]
[PlyCount "125"]
[EventDate "2006.12.16"]
[EventType "swiss"]
[EventRounds "9"]
[EventCountry "RUS"]
[SourceTitle "EXT 2008"]
[Source "ChessBase"]
[SourceDate "2007.11.25"]
[SourceVersion "1"]
[SourceVersionDate "2007.11.25"]
[SourceQuality "1"]

1. e4 c6 2. d4 g6 3. Nc3 Bg7 4. Be3 Nf6 5. f3 b5 6. Qd2 a5 7. Nge2 h5 8. e5 Ng8 9. g3 d5 10. Bg2 Bf5 11. Nd1 f6 12. f4 Nh6 13. Nf2 Qb6 14. h3 Be6 15. Nd3 Na6 16. 0-0 Bf5 17. a4 b4 18. Rfc1 0-0 19. c4 bxc3 20. bxc3 Kh7 21. Rab1 Qd8 22. Rb2 Qd7 23. Kh2 Rfb8 24. Rcb1 Qc7 25. Nec1 Nf7 26. Rxb8 Rxb8 27. Rxb8 Qxb8 28. Qb2 Qc7 29. Bf3 Qc8 30. Nf2 Qc7 31. g4 hxg4 32. hxg4 Be6 33. Ncd3 Nd8 34. Nh1 Qc8 35. Nhf2 Qc7 36. Qb1 Qb7 37. Qxb7 Nxb7 38. Bc1 Kg8 39. Ba3 Kf7 40. Nd1 fxe5 41. Nxe5+ Bxe5 42. fxe5 c5 43. Ne3 cxd4 44. cxd4 Nc7 45. Kg3 Ke8 46. Kf4 Bd7 47. Nxd5 Ne6+ 48. Ke3 Ng5 49. Bd1 Bc6 50. Nxe7 Bg2 51. Nxg6 Nd8 52. Nf4 Bb7 53. Bb3 Bc8 54. Bc5 Bxg4 55. Bb6 Nc6 56. e6 Ke7 57. d5 Nb4 58. Bc5+ Kf6 59. Bxb4 axb4 60. Nd3 Bf3 61. Nxb4 Ke5 62. a5 Bh1 63. e7 1-0